| 000 | 00464cam a2200193 4500 | ||
|---|---|---|---|
| 001 | D983 | ||
| 008 | 090401t1972 xxu||||| |||| 00| 0 eng d | ||
| 035 | _a(Sirsi) u49191 | ||
| 041 | _aeng | ||
| 050 | _a692.8 | ||
| 110 |
_aAqua Group _9865 |
||
| 245 | _aContract administration for architects and quantity surveyors | ||
| 250 | _a2nd | ||
| 260 |
_aLondon _bCrosby Lockwood _c1972 |
||
| 300 | _avii. 84p | ||
| 350 | _a1.4 | ||
| 942 | _n0 | ||
| 948 | _c04/03/1997 | ||
| 999 |
_c92517 _d92517 |
||